| 000 | 00592nam a2200181Ia 4500 | ||
|---|---|---|---|
| 005 | 20250326124345.0 | ||
| 008 | 250326s9999 xx 000 0 und d | ||
| 037 | _aTextbook | ||
| 040 |
_aFMSL _beng _cFMSL |
||
| 041 |
_aeng _2eng |
||
| 084 |
_aX:74p.1'N90 N3;1011 _qFMSL |
||
| 100 | _aNeelamegham S | ||
| 245 | 0 |
_aInternational seminar on globalisation of business challenges of the 90s _cNeelamegham S |
|
| 260 |
_aUnited Kingdom _bUnited Kingdom, Commonwealth Secretariat _c1993 |
||
| 300 | _a255p | ||
| 942 |
_cTB _hX:74p.1'N90 N3;1011 |
||
| 999 |
_c1273418 _d1273418 |
||